Statistics for Spanish Autonomous Communities

Click here to take the quiz!

General Stats

  • This quiz has been taken 898 times
    (895 since last reset)
  • The average score is 11 of 17

Answer Stats

Hint% Correct
8Cataluna
92%
1Andalucia
84%
12Madrid
83%
17Valencia
82%
10Galicia
80%
15Pais Vasco
74%
2Aragon
68%
13Murcia
66%
9Extremadura
65%
3Asturias
64%
6Castilla-La Mancha
59%
11Islas Baleares
57%
5Cantabria
53%
16La Rioja
53%
4Las Canarias
53%
14Navarra
52%
7Castilla-Leon
51%

Score Distribution

Percentile by Number Answered

Percent of People with Each Score

Your Score History

You have not taken this quiz since the last reset